[Event "ROM-chT"]
[Site "Eforie Nord"]
[Date "2000.12.21"]
[Round "4"]
[White "Badea, Bela"]
[Black "Iordachescu, Viorel"]
[Result "1/2-1/2"]
[WhiteElo "2480"]
[BlackElo "2594"]
[PlyCount "56"]
[EventDate "2000.12.18"]
[Source "ChessBase"]
[SourceDate "2001.03.20"]

1. Nf3 d5 2. d3 Bg4 3. Nbd2 e6 4. e4 Nf6 5. Be2 c5 6. Ne5 Bxe2 7. Qxe2 Bd6 8. Nef3 Bc7 9. Nb3 b6 10. Bg5 Nc6 11. c3 a5 12. a4 Ne7 13. Bxf6 gxf6 14. d4 cxd4 15. Nbxd4 dxe4 16. Qxe4 Qd5 17. Qxd5 Nxd5 18. g3 Rc8 19. O-O-O h5 20. Rhe1 Kf8 21. Kc2 Bb8 22. Kb3 Rg8 23. Rd2 Rg4 24. h3 Rg8 25. Red1 Be5 26. Nb5 Kg7 27. Re1 Bb8 28. Nh4 Rgd8 1/2-1/2

[Event "Recklinghausen"]
[Site "Recklinghausen"]
[Date "1997.??.??"]
[Round "7"]
[White "Bischoff, Klaus"]
[Black "Keitlinghaus, Ludger"]
[Result "1/2-1/2"]
[WhiteElo "2535"]
[BlackElo "2525"]
[PlyCount "23"]
[EventDate "1997.07.??"]
[Source "ChessBase"]
[SourceDate "1997.11.24"]

1. Nf3 d5 2. d3 c6 3. Nbd2 Nd7 4. e4 e5 5. Be2 Ngf6 6. O-O Be7 7. b3 O-O 8. Bb2 Qc7 9. Re1 dxe4 10. dxe4 Re8 11. a3 a5 12. Bf1 1/2-1/2

[Event "FRA-ch Pool B"]
[Site "?"]
[Date "2000.08.23"]
[Round "6"]
[White "Dorfman Josif D"]
[Black "Fontaine Robert"]
[Result "1/2-1/2"]
[WhiteElo "2600"]
[BlackElo "2449"]
[PlyCount "75"]
[EventDate "2000.??.??"]
[Source "www.chesslib.no"]
[SourceDate "2004.05.04"]

1. Nf3 d5 2. d3 g6 3. Nbd2 Bg7 4. e4 c5 5. exd5 Qxd5 6. g3 Nc6 7. Bg2 Qe6+ 8. Ne4 Nf6 9. Nfg5 Qf5 10. c3 O-O 11. O-O b6 12. Qa4 Bb7 13. Bf4 h6 14. Nxf6+ Qxf6 15. Ne4 Qe6 16. Nd6 exd6 17. Bxc6 Bxc6 18. Qxc6 d5 19. Qxe6 fxe6 20. Rae1 Rfe8 21. Be5 Bxe5 22. Rxe5 Rad8 23. Rfe1 Kf7 24. f4 h5 25. Kf2 Rd6 26. h3 Rc8 27. g4 hxg4 28. hxg4 Rh8 29. Kg3 Kf6 30. a4 a5 31. R5e2 Rc6 32. b3 Rh7 33. Rh2 Rxh2 34. Kxh2 Rc8 35. Kg3 Rb8 36. Rh1 Kg7 37. Re1 Kf6 38. Rh1 1/2-1/2

[Event "Nice"]
[Site "?"]
[Date "1999.??.??"]
[Round "7"]
[White "Dorfman Josif D"]
[Black "Fressinet Laurent"]
[Result "1-0"]
[WhiteElo "2596"]
[BlackElo "2440"]
[PlyCount "66"]
[EventDate "1999.??.??"]
[Source "www.chesslib.no"]
[SourceDate "2004.05.04"]

1. Nf3 d5 2. d3 c5 3. g3 Nc6 4. Bg2 g6 5. O-O Bg7 6. c4 e6 7. Qc2 b6 8. d4 Nxd4 9. Nxd4 Bxd4 10. Nc3 Bb7 11. Qa4+ Kf8 12. cxd5 exd5 13. Rd1 Ne7 14. Rxd4 cxd4 15. Qxd4 Kg8 16. Bg5 h6 17. Bf6 Kh7 18. Bxh8 Qxh8 19. Qf4 Qe8 20. Qc7 Bc6 21. Rd1 Kg8 22. e3 h5 23. h4 b5 24. e4 dxe4 25. Nxe4 Bxe4 26. Bxe4 Rc8 27. Qxa7 Nc6 28. Qd7 Ne5 29. Qxe8+ Rxe8 30. Rd4 Nc4 31. a4 Nxb2 32. axb5 Rb8 33. Rb4 Nd1 1-0

[Event "FRA Ch"]
[Site "France"]
[Date "1996.??.??"]
[Round "3"]
[White "Bricard, Emmanuel"]
[Black "Marciano, David"]
[Result "1/2-1/2"]
[WhiteElo "2470"]
[BlackElo "2495"]
[PlyCount "45"]
[EventDate "1996.??.??"]
[Source "www.chesslib.no"]
[SourceDate "2004.05.04"]

1. Nf3 d5 2. d3 Nf6 3. Nbd2 g6 4. e4 dxe4 5. dxe4 Bg7 6. Bc4 O-O 7. O-O Nc6 8. c3 Bg4 9. Qc2 Qd6 10. h3 Bxf3 11. Nxf3 Ne5 12. Be2 Nxf3+ 13. Bxf3 e5 14. Qa4 h5 15. Be3 Kh7 16. Rfd1 Qe6 17. Bc5 Rfc8 18. Be2 Bf8 19. Be3 Bh6 20. Bxh6 Kxh6 21. Rd2 Kg7 22. Rad1 a6 23. h4 1/2-1/2

[Event "Mind Sports Games - Blitz Team"]
[Site "Pechino CINA"]
[Date "2008.10.13"]
[Round "5"]
[White "Nguyen Ngoc Truong Son"]
[Black "Goldenberg, I."]
[Result "1/2-1/2"]
[WhiteElo "2567"]
[BlackElo "2393"]
[PlyCount "118"]
[EventDate "2008.10.13"]
[Source "www.chesslib.no"]
[SourceDate "2004.05.04"]

1. Nf3 d5 2. d3 Nf6 3. Nbd2 c6 4. g3 Bg4 5. h3 Bh5 6. g4 Bg6 7. Nh4 e6 8. e3 Bd6 9. Bg2 Nbd7 10. Qe2 Nb6 11. Ndf3 Nfd7 12. a4 Be7 13. Nxg6 hxg6 14. a5 Nc8 15. Bd2 Bf6 16. e4 dxe4 17. dxe4 Ne5 18. Rd1 Qe7 19. Nxe5 Bxe5 20. f4 Bxb2 21. O-O O-O 22. e5 Qc5+ 23. Be3 Qxa5 24. h4 Ne7 25. c4 Ba3 26. Ra1 Qc3 27. Be4 Rfd8 28. Ra2 b6 29. Rf3 Bb4 30. Bxb6 Qxf3 31. Qxf3 axb6 32. Rxa8 Rxa8 33. Bxc6 Ra1+ 34. Kf2 Bc5+ 35. Ke2 Ra2+ 36. Kd1 Ra1+ 37. Kc2 Nxc6 38. Qxc6 Ra7 39. Qe8+ Kh7 40. Qb8 Re7 41. Kb3 Rd7 42. Qe8 Re7 43. Qc6 Ra7 44. Kb2 Bd4+ 45. Kc2 Bc5 46. Qe4 Rd7 47. f5 gxf5 48. gxf5 Rd4 49. Qf3 Rxc4+ 50. Kb3 Rb4+ 51. Kc3 Rxh4 52. fxe6 fxe6 53. Qf7 Bd4+ 54. Kd3 Bxe5 55. Qxe6 Bd4 56. Qf5+ Kh8 57. Qc8+ Kh7 58. Qf5+ Kh8 59. Qc8+ Kh7 1/2-1/2

[Event "Bern op"]
[Site "Bern"]
[Date "1991.??.??"]
[Round "5"]
[White "Marangunic, Srdjan"]
[Black "Flear, Glenn C"]
[Result "0-1"]
[WhiteElo "2460"]
[BlackElo "2470"]
[PlyCount "96"]
[EventDate "1991.02.??"]
[Source "ChessBase"]

1. Nf3 d5 2. d3 Nf6 3. Nbd2 Nc6 4. e4 e5 5. c3 Be7 6. Be2 O-O 7. O-O a5 8. a4 Re8 9. h3 Bf8 10. Re1 h6 11. Bf1 Be6 12. Qc2 Nd7 13. Nb3 f5 14. exd5 Bxd5 15. Nfd2 Qf6 16. Be2 Rad8 17. Bf3 Qf7 18. Bxd5 Qxd5 19. Nf1 f4 20. d4 exd4 21. Rxe8 Rxe8 22. Bxf4 d3 23. Qd1 Nc5 24. Nxc5 Bxc5 25. Ne3 Bxe3 26. Bxe3 Ne7 27. c4 Qe4 28. Qh5 Nf5 29. Bd2 Re5 30. Qg4 Qxg4 31. hxg4 Nd6 32. b3 Re2 33. Rd1 Ne4 34. Be3 d2 35. Kf1 Ng3+ 36. fxg3 Rxe3 37. Rxd2 Rxb3 38. Rd7 c5 39. g5 hxg5 40. Rd5 b6 41. Rxg5 Kh7 42. Kf2 Rb4 43. Rh5+ Kg8 44. Rd5 Rxa4 45. Rd6 Rb4 46. Ke3 a4 47. Kd3 a3 48. Rd8+ Kh7 0-1

[Event "It Open"]
[Site "?"]
[Date "1999.??.??"]
[Round "3"]
[White "Gonzalez Juan Carlos"]
[Black "Perez Rodney"]
[Result "1-0"]
[WhiteElo "2490"]
[BlackElo "2406"]
[PlyCount "65"]
[EventDate "1999.??.??"]
[Source "www.chesslib.no"]
[SourceDate "2004.05.04"]

1. Nf3 d5 2. d3 c6 3. Nbd2 Bg4 4. e4 e6 5. g3 Bd6 6. Bg2 Ne7 7. O-O Nd7 8. d4 dxe4 9. Nxe4 Bc7 10. Re1 O-O 11. c4 Nb6 12. b3 a5 13. Bb2 a4 14. Qc2 a3 15. Bc3 Bf5 16. Nh4 Bg6 17. Nxg6 hxg6 18. Rad1 Qb8 19. h4 Nf5 20. Qe2 Rd8 21. h5 gxh5 22. Qxh5 Nd7 23. Ng5 Nh6 24. d5 cxd5 25. cxd5 e5 26. d6 Bxd6 27. Bd5 Rf8 28. Qg6 Nf6 29. Rd3 Kh8 30. Nxf7+ Nxf7 31. Bxf7 Qc7 32. Bc4 Qc6 33. g4 1-0

[Event "Camp. austriaco"]
[Site "Tweng AUT"]
[Date "2007.08.06"]
[Round "3"]
[White "Stanec, N."]
[Black "Genser, H."]
[Result "1-0"]
[WhiteElo "2504"]
[BlackElo "2347"]
[PlyCount "87"]
[EventDate "2007.08.04"]
[Source "www.chesslib.no"]
[SourceDate "2004.05.04"]

1. Nf3 d5 2. d3 g6 3. g3 Bg7 4. Bg2 c5 5. O-O Nc6 6. c4 d4 7. Na3 Nf6 8. Nc2 O-O 9. b4 cxb4 10. Rb1 e5 11. Nxb4 Nxb4 12. Rxb4 Qc7 13. Nd2 Nd7 14. Ba3 Re8 15. Qa4 Re6 16. Rb5 Nb6 17. Qa5 Bd7 18. Rb3 Bc6 19. Ne4 Ree8 20. Rfb1 Red8 21. g4 Nd5 22. Qxc7 Nxc7 23. Be7 Re8 24. Bh4 Rf8 25. Nf6+ Kh8 26. Bxc6 bxc6 27. Nd7 Rfc8 28. Bg3 f6 29. g5 fxg5 30. Nxe5 Ne6 31. Rb7 Nf4 32. Nf7+ Kg8 33. Nxg5 Nxe2+ 34. Kf1 Nxg3+ 35. hxg3 h6 36. Ne6 Be5 37. Re1 Bf6 38. Nc7 Rab8 39. Rxa7 Rf8 40. Ra6 Rb2 41. Re2 Rxe2 42. Kxe2 Be5 43. Rxc6 Rc8 44. Nd5 1-0

[Event "FRA Ch"]
[Site "Toulouse FRA"]
[Date "1995.??.??"]
[Round "5"]
[White "Seret, Jean-Luc"]
[Black "Marciano, David"]
[Result "1/2-1/2"]
[WhiteElo "2420"]
[BlackElo "2430"]
[PlyCount "91"]
[EventDate "1995.08.??"]
[Source "www.chesslib.no"]
[SourceDate "2004.05.04"]

1. Nf3 d5 2. d3 Bg4 3. Nbd2 Nd7 4. h3 Bh5 5. g4 Bg6 6. b4 e5 7. a3 h5 8. gxh5 Rxh5 9. e3 c5 10. bxc5 Bxc5 11. Be2 Ngf6 12. Nb3 Bd6 13. Nfd2 a5 14. Bb2 a4 15. Nc1 Rh6 16. Na2 Ke7 17. c4 Qh8 18. cxd5 Rxh3 19. Rxh3 Qxh3 20. Bf1 Qh1 21. Nc4 Qxd5 22. Nc3 Qc6 23. Nxd6 Qxd6 24. Nxa4 Kf8 25. Qb3 Qa6 26. Qb4+ Kg8 27. Nc5 Nxc5 28. Qxc5 Bxd3 29. Bxd3 Qxd3 30. Rd1 Qg6 31. Qxe5 Qg1+ 32. Ke2 Qg4+ 33. Ke1 Re8 34. Qb5 Re6 35. Bxf6 Rxf6 36. Rd8+ Kh7 37. Rd4 Qg1+ 38. Qf1 Qh2 39. Rb4 Rd6 40. Rd4 Rc6 41. Rc4 Rf6 42. Rb4 b6 43. Rg4 g6 44. Rg3 Kg8 45. Qg2 Qxg2 46. Rxg2 1/2-1/2

[Event "Finland FIN"]
[Site "?"]
[Date "2004.11.14"]
[Round "5"]
[White "Sepp Olav"]
[Black "Salmensuu Olli"]
[Result "1-0"]
[WhiteElo "2458"]
[BlackElo "2391"]
[PlyCount "71"]
[EventDate "2004.??.??"]
[Source "www.chesslib.no"]
[SourceDate "2004.05.04"]

1. Nf3 d5 2. d3 Nc6 3. Nbd2 e5 4. e4 Nf6 5. c3 a5 6. Be2 Bc5 7. O-O dxe4 8. dxe4 Bg4 9. h3 Bd7 10. Qc2 Qe7 11. Nc4 h6 12. Ne3 g5 13. Nd5 Nxd5 14. exd5 Na7 15. Re1 O-O-O 16. Bf1 f6 17. Nd4 Kb8 18. Nb3 Bb6 19. Be3 Bxe3 20. Rxe3 a4 21. Nd2 Nc8 22. b3 a3 23. b4 g4 24. hxg4 Bxg4 25. c4 Qxb4 26. Rb1 Qa5 27. Rbb3 Nd6 28. Rxa3 Qb4 29. Ra4 Bf5 30. Bd3 Bxd3 31. Rxd3 Qc5 32. Nb3 Qb6 33. c5 Qb5 34. cxd6 cxd6 35. Qc4 Qd7 36. Na5 1-0

[Event "Moscow2"]
[Site "Moscow"]
[Date "1991.??.??"]
[Round "?"]
[White "Vorotnikov, Vladislav V"]
[Black "Shvedchikov, Anatoli I"]
[Result "1/2-1/2"]
[WhiteElo "2430"]
[BlackElo "2395"]
[PlyCount "67"]
[EventDate "1991.??.??"]
[Source "ChessBase"]

1. Nf3 d5 2. d3 c5 3. e4 dxe4 4. dxe4 Qxd1+ 5. Kxd1 b6 6. Bb5+ Bd7 7. Nc3 a6 8. Bxd7+ Nxd7 9. Ke2 e6 10. Rd1 Ne7 11. Bf4 Nc6 12. Rd2 Be7 13. Rad1 Ra7 14. e5 h6 15. g4 Rb7 16. Ne4 Kd8 17. g5 Kc8 18. gxh6 gxh6 19. Rg1 Nf8 20. Rg7 Nd8 21. h4 Rd7 22. h5 Rxd2+ 23. Nfxd2 Nd7 24. Nc4 Bf8 25. Ncd6+ Kc7 26. Rg3 Kc6 27. c4 f5 28. Nc3 Bxd6 29. exd6 e5 30. Bd2 Ne6 31. Rg6 Nd4+ 32. Kd1 f4 33. Nd5 Nf8 34. Rf6 1/2-1/2

[Event "CRO-Cup"]
[Site "Pula CRO"]
[Date "1994.??.??"]
[Round "4"]
[White "Marangunic, Srdjan"]
[Black "Franic, Milan"]
[Result "0-1"]
[WhiteElo "2445"]
[BlackElo "2360"]
[PlyCount "142"]
[EventDate "1994.??.??"]
[Source "www.chesslib.no"]
[SourceDate "2004.05.04"]

1. Nf3 d5 2. d3 g6 3. Nbd2 Bg7 4. e4 c6 5. Be2 e5 6. O-O Ne7 7. c3 O-O 8. b4 h6 9. Bb2 Be6 10. c4 d4 11. Nb3 Na6 12. a3 b6 13. Ne1 Qd7 14. Nc2 c5 15. b5 Nc7 16. a4 Ne8 17. a5 Nd6 18. Nd2 Kh8 19. Bf3 Ng8 20. Ra3 Rab8 21. axb6 axb6 22. Qa1 h5 23. Ra7 Qd8 24. g3 Bh6 25. Bc1 Bh3 26. Bg2 Bxg2 27. Kxg2 f5 28. exf5 gxf5 29. Nf3 Qf6 30. Bxh6 Nxh6 31. Qc1 f4 32. Qe1 Rbe8 33. Qe2 e4 34. dxe4 Nxe4 35. Qd3 Nf5 36. Nd2 Nxd2 37. Qxd2 f3+ 38. Kh1 Nd6 39. Ne1 Re6 40. Nd3 Re2 41. Qc1 Ne4 42. Rc7 Nd2 43. Rg1 Qf5 44. Qa3 Nxc4 45. Qb3 Nd2 46. Qa3 Ne4 47. Rc6 Nf6 48. Rxb6 Ng4 49. Rf1 Nxf2+ 50. Rxf2 Rxf2 51. Qc1 Rf1+ 52. Qxf1 f2 53. Nf4 Qe4+ 54. Ng2 d3 55. Rd6 c4 56. h4 Qe5 57. Rg6 d2 58. Kh2 d1=Q 59. Qxd1 f1=Q 60. Qd2 Rf7 61. Qd8+ Rf8 62. Qd2 Qe7 63. Rh6+ Kg7 64. Rxh5 Rf5 65. Qh6+ Kf7 66. Qh7+ Ke6 67. Qg8+ Kd7 68. Qg4 Qe5 69. Rh7+ Kd6 70. b6 Qd5 71. Qh3 Qdd1 0-1

[Event "Pula CRO"]
[Site "?"]
[Date "2006.06.19"]
[Round "2.1"]
[White "Kozarcanin Sead"]
[Black "Stocek Jiri"]
[Result "0-1"]
[WhiteElo "2232"]
[BlackElo "2565"]
[PlyCount "40"]
[EventDate "2006.??.??"]
[Source "www.chesslib.no"]
[SourceDate "2004.05.04"]

1. Nf3 d5 2. d3 Nf6 3. Nbd2 Bf5 4. g3 Nc6 5. c3 e5 6. Bg2 Qd7 7. h3 e4 8. dxe4 dxe4 9. Nh4 e3 10. fxe3 Bd6 11. Kf2 g5 12. Bxc6 Bxg3+ 13. Kxg3 gxh4+ 14. Kxh4 Qxc6 15. Qf1 Be4 16. Rg1 O-O-O 17. Qf4 Rhg8 18. Nxe4 Nxe4 19. Rg4 Rde8 20. b4 Qd5 0-1

[Event "Krasnodar"]
[Site "Krasnodar"]
[Date "1991.??.??"]
[Round "?"]
[White "Vorotnikov, Vladislav V"]
[Black "Doroshkievich, Vladimir K"]
[Result "0-1"]
[WhiteElo "2430"]
[BlackElo "2350"]
[PlyCount "160"]
[EventDate "1991.??.??"]
[Source "ChessBase"]

1. Nf3 d5 2. d3 g6 3. c3 Bg7 4. Bg5 h6 5. Bh4 Nf6 6. Nbd2 O-O 7. e4 dxe4 8. dxe4 b6 9. Bc4 Bb7 10. Qe2 Nc6 11. O-O-O Qc8 12. e5 Nh5 13. Qe3 Qg4 14. h3 Qf4 15. g4 g5 16. gxh5 Qxe3 17. fxe3 gxh4 18. Rhg1 e6 19. Bd3 Kh8 20. Be4 Rad8 21. Rg4 Ba8 22. Bxc6 Bxc6 23. Rc4 Ba8 24. Rxc7 a5 25. Rf1 Rd5 26. Nc4 Rc5 27. Rxc5 bxc5 28. Nxa5 Bxf3 29. Rxf3 Bxe5 30. Nb7 Rg8 31. Kd1 Rg1+ 32. Ke2 Rb1 33. Nxc5 Rxb2+ 34. Kd3 Kg7 35. a4 Ra2 36. Kc4 Bd6 37. Kb3 Ra1 38. Ne4 Be7 39. Rf4 Ra3+ 40. Kc2 Rxa4 41. Kd3 Ra5 42. Rg4+ Kf8 43. Rg2 Rd5+ 44. Ke2 Rxh5 45. c4 Ra5 46. Rf2 Ra3 47. Rf3 Kg7 48. Nf2 Rc3 49. Nd3 f5 50. Nf4 Kf7 51. e4 Rxc4 52. exf5 exf5 53. Nd5 Bg5 54. Ne3 Bxe3 55. Rxe3 Rc2+ 56. Kf3 Rh2 57. Re5 Kg6 58. Kf4 Rf2+ 59. Ke3 Rf1 60. Ra5 Kg5 61. Ra8 Rh1 62. Rg8+ Kh5 63. Rf8 Rxh3+ 64. Kf2 Kg4 65. Rh8 Kg5 66. Rg8+ Kf4 67. Rh8 Rf3+ 68. Kg2 Rg3+ 69. Kh2 Rg6 70. Kh3 Kg5 71. Ra8 Rf6 72. Ra1 Re6 73. Rg1+ Kh5 74. Rg8 Re3+ 75. Kh2 h3 76. Rf8 Kg4 77. Rg8+ Kh4 78. Rf8 Re2+ 79. Kg1 Rg2+ 80. Kh1 Rg5 0-1

[Event "BL2-Sued 9900"]
[Site "Germany"]
[Date "1999.11.07"]
[Round "2.4"]
[White "Miltner, Arndt"]
[Black "Gasthofer, Viktor"]
[Result "0-1"]
[WhiteElo "2395"]
[BlackElo "2382"]
[PlyCount "96"]
[EventDate "1999.10.??"]
[Source "ChessBase"]
[SourceDate "2000.03.10"]

1. Nf3 d5 2. d3 c5 3. Nbd2 Nc6 4. c3 Nf6 5. e4 e6 6. Be2 Qc7 7. O-O Be7 8. Re1 O-O 9. Bf1 b6 10. a3 dxe4 11. dxe4 Ng4 12. h3 Nge5 13. Nxe5 Nxe5 14. f4 Ng6 15. g3 Bb7 16. Bd3 Rfd8 17. Qe2 Bh4 18. Nf1 Be7 19. Be3 c4 20. Bc2 b5 21. Qf2 Rd7 22. h4 h6 23. Nh2 a6 24. Nf3 Nf8 25. Ne5 Rdd8 26. Bb6 Qc8 27. Kg2 Re8 28. Qf3 f6 29. Ng4 Bc5 30. Bxc5 Qxc5 31. Rad1 Rad8 32. Qe3 Qc7 33. Kg1 Rxd1 34. Rxd1 Rd8 35. Rxd8 Qxd8 36. Qd4 Qc7 37. Ne3 Nd7 38. Kf2 Kf7 39. f5 e5 40. Qa7 Nc5 41. Nd5 Qd6 42. Ke3 Ke8 43. Nb6 Nxe4 44. Bxe4 Bxe4 45. Qxa6 Qd3+ 46. Kf2 Qd2+ 47. Kf1 Bd3+ 48. Kg1 Qe1+ 0-1

[Event "Bucharest ROM"]
[Site "?"]
[Date "2006.01.21"]
[Round "8"]
[White "Badea Bela"]
[Black "Hamitevici Vladimir"]
[Result "1-0"]
[WhiteElo "2492"]
[BlackElo "2284"]
[PlyCount "75"]
[EventDate "2006.??.??"]
[Source "www.chesslib.no"]
[SourceDate "2004.05.04"]

1. Nf3 d5 2. d3 c6 3. Nbd2 Bf5 4. e4 Bg6 5. Ne5 Nd7 6. Nxg6 hxg6 7. g3 e6 8. Bg2 Ngf6 9. Qe2 a5 10. e5 Ng8 11. Nf3 Be7 12. h4 Nh6 13. O-O Nf5 14. Bf4 a4 15. c3 b5 16. b4 Rc8 17. Rab1 Qb6 18. c4 Nd4 19. Nxd4 Qxd4 20. Rfc1 O-O 21. Bf1 Qb6 22. c5 Qd8 23. Qg4 Qe8 24. Re1 Kh7 25. h5 gxh5 26. Qxh5+ Kg8 27. Qh3 g5 28. Bd2 Kg7 29. Qg4 Qd8 30. d4 Rg8 31. Bd3 Kf8 32. Kg2 Ke8 33. f4 Nf8 34. f5 Kd7 35. f6 Bxf6 36. exf6 Qxf6 37. Re5 Ng6 38. Rxg5 1-0

[Event "Belgrade Premier League"]
[Site "?"]
[Date "2005.10.09"]
[Round "9"]
[White "Certic Branimir"]
[Black "Jovicic Milos"]
[Result "1/2-1/2"]
[WhiteElo "2406"]
[BlackElo "2365"]
[PlyCount "63"]
[EventDate "2005.??.??"]
[Source "www.chesslib.no"]
[SourceDate "2004.05.04"]

1. Nf3 d5 2. d3 c6 3. b3 Bg4 4. Nbd2 Nd7 5. Bb2 e6 6. e4 Qa5 7. Be2 dxe4 8. dxe4 Bxf3 9. Bxf3 Ne5 10. a3 Rd8 11. b4 Qc7 12. Qe2 Be7 13. Rb1 Bf6 14. g3 Nxf3+ 15. Nxf3 Bxb2 16. Rxb2 Ne7 17. h4 O-O 18. h5 h6 19. O-O Nc8 20. Rb3 Nb6 21. Rc3 a6 22. Rb1 Qb8 23. Re3 f5 24. exf5 exf5 25. Re6 Nd5 26. Re1 f4 27. g4 Qc8 28. Qe5 Rf6 29. Re8+ Rxe8 30. Qxe8+ Qxe8 31. Rxe8+ Rf8 32. Re5 1/2-1/2

[Event "ch-COL"]
[Site "Cali"]
[Date "2003.07.23"]
[Round "2"]
[White "Castro Rojas, Oscar Humberto"]
[Black "Echavarria, Johann"]
[Result "0-1"]
[WhiteElo "2385"]
[BlackElo "2351"]
[PlyCount "116"]
[EventDate "2003.07.22"]
[Source "Roberto Alvarez"]
[SourceDate "2003.08.11"]

1. Nf3 d5 2. d3 c5 3. g3 Nc6 4. Bg2 e5 5. O-O f6 6. e4 d4 7. Nh4 Be6 8. f4 Qd7 9. f5 Bf7 10. Bf3 O-O-O 11. Bh5 c4 12. Bxf7 Qxf7 13. Nd2 cxd3 14. cxd3 Kb8 15. a4 Rc8 16. Nc4 Nb4 17. b3 Bc5 18. a5 Ne7 19. Ra4 Nec6 20. Ba3 Qe7 21. Qd2 Na6 22. Rb1 Bxa3 23. Rxa3 Nc7 24. b4 Nb5 25. Rab3 Nd8 26. Nf3 Nf7 27. Qg2 Rc7 28. R3b2 Rhc8 29. Nfd2 Nfd6 30. Qh3 h6 31. Qf1 Qd7 32. Ra1 Rc6 33. h4 Qc7 34. Nxd6 Qxd6 35. Nc4 Qc7 36. Rb3 Qf7 37. Kh2 Nd6 38. b5 Rxc4 39. dxc4 Nxe4 40. Qg2 Nc5 41. Rb2 e4 42. a6 b6 43. Qf2 Rd8 44. Re2 Qc7 45. Rd1 Qe5 46. Qg1 Rd7 47. Red2 e3 48. Re2 Re7 49. Rde1 Qxf5 50. Rd2 Qe4 51. Rde2 g5 52. Qf1 f5 53. hxg5 hxg5 54. Kg1 f4 55. gxf4 gxf4 56. Rg2 f3 57. Rg8+ Kc7 58. Qh3 f2+ 0-1

[Event "BL2-Sued 0203"]
[Site "?"]
[Date "2003.02.09"]
[Round "6.4"]
[White "Miltner Arndt"]
[Black "Vonthron Horst"]
[Result "1-0"]
[WhiteElo "2384"]
[BlackElo "2351"]
[PlyCount "85"]
[EventDate "2003.??.??"]
[Source "www.chesslib.no"]
[SourceDate "2004.05.04"]

1. Nf3 d5 2. d3 Nc6 3. Nbd2 e5 4. e4 Nf6 5. c3 a5 6. Be2 Be7 7. O-O O-O 8. b3 Re8 9. a3 Bf8 10. Rb1 b5 11. Qc2 Bb7 12. Re1 b4 13. cxb4 axb4 14. a4 Nd4 15. Nxd4 exd4 16. Bf1 Bd6 17. g3 Ra6 18. Bb2 c5 19. e5 Bxe5 20. Qxc5 Rae6 21. Nf3 Ng4 22. Bxd4 Bd6 23. Qb5 Qe7 24. Rbc1 h5 25. a5 h4 26. Bh3 Bc8 27. Bxg4 Rxe1+ 28. Rxe1 Qxe1+ 29. Nxe1 Rxe1+ 30. Kg2 Bxg4 31. h3 Be2 32. f4 Bd1 33. Qxd5 Re2+ 34. Kg1 Re6 35. Be5 Bxe5 36. fxe5 hxg3 37. Kg2 Rg6 38. Qd8+ Kh7 39. Qh4+ Kg8 40. Qd8+ Kh7 41. Qd5 Bc2 42. Qc4 Bb1 43. a6 1-0

[Event "Open"]
[Site "?"]
[Date "1998.01.09"]
[Round "7"]
[White "Marangunic Srdjan"]
[Black "Keglevic Pavao"]
[Result "1-0"]
[WhiteElo "2460"]
[BlackElo "2260"]
[PlyCount "119"]
[EventDate "1998.??.??"]
[Source "www.chesslib.no"]
[SourceDate "2004.05.04"]

1. Nf3 d5 2. d3 g6 3. Nbd2 Bg7 4. e4 dxe4 5. dxe4 Nf6 6. Bc4 O-O 7. O-O Nc6 8. c3 Na5 9. Be2 c5 10. Qc2 Qc7 11. Nc4 h6 12. a4 Be6 13. Nxa5 Qxa5 14. Nd2 Qc7 15. Nc4 Qc6 16. f3 Rad8 17. Be3 Ne8 18. Bf4 Nd6 19. Ne3 f5 20. Bxd6 Qxd6 21. Bc4 Bxc4 22. Nxc4 Qe6 23. Qe2 fxe4 24. Rfe1 Rf4 25. Nd2 e3 26. Ne4 Rxe4 27. fxe4 Qxe4 28. Qxe3 Qxe3+ 29. Rxe3 Bf6 30. Kf1 Rd2 31. Re2 Rd6 32. Ke1 Kf7 33. Rd1 Ra6 34. Rd7 Rxa4 35. Rxb7 h5 36. Kd2 Ke8 37. Kc2 Ra6 38. Kd3 Kd8 39. Rb5 Kd7 40. Rxc5 Kd6 41. b4 Ra3 42. Rc2 Be5 43. h3 h4 44. Kc4 Bf4 45. Re2 e6 46. Kd3 Ra6 47. Ke4 g5 48. Ra5 Rxa5 49. bxa5 Bc1 50. a6 Ba3 51. Rf2 Ke7 52. Kd4 Bc1 53. Rf1 Ba3 54. Ra1 Bd6 55. Rb1 Bh2 56. Rb7+ Kf6 57. Ke4 Bg1 58. c4 Bf2 59. Rc7 Bb6 60. Rc8 1-0

[Event "Bodensee-Cup 5th"]
[Site "?"]
[Date "1999.??.??"]
[Round "1.9"]
[White "Miltner Arndt"]
[Black "Masserey Yvan"]
[Result "1/2-1/2"]
[WhiteElo "2389"]
[BlackElo "2325"]
[PlyCount "78"]
[EventDate "1999.??.??"]
[Source "www.chesslib.no"]
[SourceDate "2004.05.04"]

1. Nf3 d5 2. d3 Nf6 3. c3 c6 4. Nbd2 Bg4 5. Qc2 Nbd7 6. e4 e5 7. Be2 Bd6 8. Nf1 dxe4 9. dxe4 Nc5 10. Ng3 Nh5 11. O-O Nxg3 12. hxg3 Qe7 13. Be3 O-O 14. b4 Nd7 15. Bc4 Bxf3 16. gxf3 Bc7 17. Rad1 Bb6 18. Bc1 a5 19. a3 Rfd8 20. Kg2 Nf6 21. Rxd8+ Rxd8 22. Rd1 Rxd1 23. Qxd1 Ne8 24. Qa4 axb4 25. axb4 Nd6 26. Bd3 h5 27. f4 h4 28. Qc2 hxg3 29. fxg3 exf4 30. Bxf4 f6 31. Qe2 g5 32. Bd2 Qe5 33. Qh5 Kg7 34. Qg4 Nf7 35. Bc4 Qd6 36. Bf4 Ne5 37. Bxe5 Qxe5 38. Qe6 Qxe6 39. Bxe6 Bc7 1/2-1/2

[Event "BL2-S 9899"]
[Site "?"]
[Date "1999.03.07"]
[Round "7.4"]
[White "Miltner Arndt"]
[Black "Huber Armin"]
[Result "1/2-1/2"]
[WhiteElo "2389"]
[BlackElo "2325"]
[PlyCount "113"]
[EventDate "1999.??.??"]
[Source "www.chesslib.no"]
[SourceDate "2004.05.04"]

1. Nf3 d5 2. d3 Nf6 3. Nbd2 c5 4. c3 Nc6 5. a3 e5 6. e4 Be7 7. Be2 O-O 8. O-O Qc7 9. b4 b6 10. Bb2 a6 11. Re1 Bb7 12. exd5 Nxd5 13. Bf1 Nf4 14. Nc4 Ng6 15. bxc5 bxc5 16. Rc1 Rfd8 17. Qb3 Rab8 18. Qa2 Bf6 19. Ne3 Nf4 20. Red1 Ne7 21. Ne1 Ne6 22. N1c2 Bg5 23. Rb1 Nd5 24. Nc4 Ba8 25. Ne1 Nb6 26. Ne3 Nf4 27. Ba1 Rd6 28. d4 Rbd8 29. dxc5 Qxc5 30. Rxd6 Rxd6 31. Bxa6 h5 32. Bf1 Rg6 33. Rb5 Nh3+ 34. Kh1 Bxe3 35. Rxc5 Nxf2+ 36. Qxf2 Bxf2 37. Rxe5 Re6 38. Rxe6 fxe6 39. Nd3 Be3 40. Ne5 Bc5 41. c4 Bxa3 42. Bd4 Na4 43. Be2 h4 44. Bg4 Nc5 45. Bf2 g5 46. Be3 Ne4 47. Bxe6+ Kg7 48. Nd7 Kg6 49. Kg1 Bc6 50. Kf1 Bb2 51. Ke2 Nd6 52. c5 Nf5 53. Nf8+ Kf6 54. Bd7 Bxg2 55. c6 Nxe3 56. c7 Bb7 57. Kxe3 1/2-1/2

[Event "Spring Open"]
[Site "Budapest HUN"]
[Date "1995.??.??"]
[Round "?"]
[White "Habibi, Ali"]
[Black "Ibragimov, Ildar"]
[Result "0-1"]
[WhiteElo "2190"]
[BlackElo "2520"]
[PlyCount "114"]
[EventDate "1995.??.??"]
[Source "www.chesslib.no"]
[SourceDate "2004.05.04"]

1. Nf3 d5 2. d3 Nc6 3. g3 g6 4. Bg2 Bg7 5. O-O e5 6. Nbd2 Nge7 7. c4 O-O 8. a3 h6 9. Rb1 Be6 10. cxd5 Nxd5 11. Ne4 b6 12. Bd2 Qd7 13. Re1 Rad8 14. Qa4 Nd4 15. Qxd7 Rxd7 16. Nc3 Nb3 17. Nxd5 Bxd5 18. Bc3 Re8 19. Red1 a5 20. Nd2 Bxg2 21. Kxg2 a4 22. Kf1 c5 23. Nf3 b5 24. e3 f6 25. h4 h5 26. Ke2 Bf8 27. Rg1 b4 28. Be1 Red8 29. g4 Kf7 30. g5 bxa3 31. bxa3 Bg7 32. gxf6 Bxf6 33. Ng5+ Bxg5 34. Rxg5 Rd5 35. f4 exf4 36. Rxd5 Rxd5 37. exf4 Nd4+ 38. Kd2 Ke6 39. Kc3 Rd6 40. Kc4 Nb3 41. Bc3 Kf5 42. Be5 Nd2+ 43. Kxc5 Rxd3 44. Rb8 Nf3 45. Rf8+ Ke4 46. Kb4 Nxe5 47. fxe5 Kxe5 48. Re8+ Kf5 49. Rf8+ Kg4 50. Rf6 Kxh4 51. Rxg6 Rd4+ 52. Kc3 Rg4 53. Rh6 Kg5 54. Rh8 h4 55. Kd3 Rg3+ 56. Ke4 Kg4 57. Rg8+ Kh3 0-1

[Event "Ortigueira SPA"]
[Site "?"]
[Date "2005.08.13"]
[Round "2.4"]
[White "Paunovic Dragan"]
[Black "Diaz Adolfo"]
[Result "1-0"]
[WhiteElo "2503"]
[BlackElo "2205"]
[PlyCount "72"]
[EventDate "2005.??.??"]
[Source "www.chesslib.no"]
[SourceDate "2004.05.04"]

1. Nf3 d5 2. d3 Nf6 3. Nbd2 Bg4 4. h3 Bh5 5. g4 Bg6 6. Bg2 Nbd7 7. Nh4 e6 8. e3 Bd6 9. Qe2 c6 10. f4 Ng8 11. Ndf3 Qc7 12. Bd2 Ne7 13. O-O-O Nc5 14. Nd4 e5 15. Nxg6 hxg6 16. fxe5 Bxe5 17. Rhf1 Qb6 18. b3 a5 19. Nf3 Bd6 20. Bc3 a4 21. Bxg7 axb3 22. cxb3 Rg8 23. Bc3 Qa6 24. Rd2 Ne6 25. Nd4 c5 26. Nxe6 fxe6 27. Kb1 Nc6 28. Rf6 Ke7 29. Qf2 Be5 30. Bxe5 Nxe5 31. Bxd5 Raf8 32. Rxf8 Rxf8 33. Qh2 Nd7 34. Be4 Rf1+ 35. Kb2 Qa5 36. Rf2 Qe1 1-0